000 00250nam a2200085Ia 4500
245 0 _aWilliam Shakespeare's Romeo and Juliet
100 _a Dunn, Joeming W. Edina, MN, [c.2009]
_979318
942 _cBK
008 210817s9999 xx 000 0 und d
999 _c276277
_d276276